Rébus villes québécoises - Statistiques

Statistiques générales
  • Ce quiz a été pris 154 fois
  • Le résultat moyen est 3 sur 9
Statistiques - réponses
Par images Réponse % Correct
Québec
81%
Laval
62%
Montréal
56%
Sherbrooke
49%
Tadoussac
39%
Saguenay
24%
Longueuil
17%
Trois-Rivières
11%
Mégantic
1%
Aucun quiz correspondant
Distribution des résultats
% des personnes avec chaque résultat
Percentile par nombre de réponses
Votre historique - résultats
Vous n’avez pas pris ce quiz